000 00409nam a2200181Ia 4500
001 8655
005 20260306160625.0
008 260306t2004||||xx |||||||||||||| ||spa||
041 _aESP
082 _a371.214
_bZ12
100 _aZabalza, Miguel Angel
_eAUT
245 0 _aDiseƱo y desarrollo curricular
260 _c2004
300 _a
_c
650 _aGEN
654 _aCED
942 _cLIB
_dJUS
_fJUS
_2ddc
_n
999 _c8655
_d8655